Movies that Start with B #2 - Statistics

General Stats
  • This quiz has been taken 200 times
  • The average score is 5 of 15
Answer Stats
Clue Movie Title % Correct
Historically inaccurate depiction of Scottish fight for freedom Braveheart
89%
Heroic St Bernard barks the Fifth Beethoven
71%
Avian terrors in California Birds, The
65%
An insight into the honey industry Bee Movie
51%
Ex-prisoner raises money on a mission from God Blues Brothers, The
42%
Whistling prisoners of war are used for a jungle building project Bridge on the River Kwai, The
39%
German submarine survives at sea just to be bombed back home Boot, Das
38%
Girl in Nazi Germany gets in trouble for reading Book Thief, The
28%
He ruins Whistler's Mother Bean
25%
Bonn(e)y western with versions from 1911, 1930, 1941, and 1989 Billy the Kid
15%
Dystopian bureaucracy is set off by a fly in a typewriter Brazil
11%
Confederate girls fall for Union soldier Beguiled, The
10%
Mariners get involved in the Russian revolution of 1905 Battleship Potemkin
9%
Mick and Paco hurt each other quite a lot Bad Boys
7%
French girl really wants to go to that party Boum, La
6%
No matching quizzes found
Score Distribution
Percent of People with Each Score
Percentile by Number Answered
Your Score History
You have not taken this quiz